Statistics for 2017 Africa Cup of Nations Final Cameroon - Egypt

Click here to take the quiz!

General Stats

  • This quiz has been taken 15 times
  • The average score is 5 of 28

Answer Stats

Player% Correct
Mohamed Salah
100%
Mohamed Elneny ¹
69%
Trézéguet
54%
Vincent Aboubakar ¹
46%
Ahmed Hegazy
23%
Ahmed Elmohamady
15%
Collins Fai
15%
Héctor Cúper
15%
Nicolas Nkoulou ¹
15%
Abdallah Said
8%
Adolphe Teikeu
8%
Ahmed Fathy
8%
Ali Gabr
8%
Ambroise Oyongo
8%
Amr Warda
8%
Arnaud Djoum
8%
Benjamin Moukandjo
8%
Christian Bassogog
8%
Essam El-Hadary
8%
Fabrice Ondoa
8%
Georges Mandjeck
8%
Hugo Broos
8%
Jacques Zoua
8%
Michael Ngadeu-Ngadjui
8%
Ramadan Sobhi
8%
Robert Ndip Tambe
8%
Sébastien Siani
8%
Tarek Hamed
8%

Score Distribution

Percentile by Number Answered

Percent of People with Each Score

Your Score History

You have not taken this quiz